00680 2200241 4500001002100000005001700021008004100038020001800079035002400097082000800121090001500129100002400144245007300168250001100241260004200252300002900294500001100323500003300334650002300367850001200390990001800402990001800420YOGYA-0209000003021520090227024446.0 ind  a979-511-303-8 0010-020900000030215 a300 a300bKar P aKARTODIRJO, Sartono aPendekatan ilmu sosial dalam metodologi sejarahcSartono Kartodirdjo aCet. 2 aJakartabGramedia Pustaka Utamac1993 axi, 282 hlmbilusc21 cm aIndeks aBibliografi : hlm. 267 - 268 aIlmu - ilmu Sosial aYOPDYOG a46333-P/93b1 a75669-P/95b1